| 000 | 00386nam a2200133 a 4500 | ||
|---|---|---|---|
| 005 | 20140414093842.0 | ||
| 008 | 081126s19uu xx 00 eng d | ||
| 050 |
_aDVD 940.53 _bHOR 2005 |
||
| 245 |
_aHorror in the East : _bthe forgotten volunteers, Burma the forgatten war. |
||
| 440 | _aWorld War II Collection | ||
| 650 | _aWorld War, 1939-1945. | ||
| 942 | _cAVM | ||
| 999 |
_c109354 _d109354 |
||